000
00299 a2200145 4500
001
161803
020
_a
040
_c
Magnum
100
_a
Martins, Rosemar Almeida
240
1
0
_a
Um numero diferente
_l
por
245
1
0
_a
Um numero diferente
362
0
_a
1899
697
_a
I/GERAL
942
_c
BK
999
_c
161803
_d
161803